| 000 | 00379nam a2200145Ia 4500 | ||
|---|---|---|---|
| 008 | 230917s9999||||xx |||||||||||||| ||und|| | ||
| 040 |
_e54859 _aMAIN |
||
| 041 | _aEnglish | ||
| 082 | _a823.09 J559A:R | ||
| 100 | _aAgarwal, Ramlal | ||
| 245 | 0 | _aRuth Prawer Jhabvala: A study of her fiction | |
| 260 |
_aNew Delhi _bSterling Publishers _c1990 |
||
| 300 | _a126 p. | ||
| 942 | _cBK | ||
| 999 |
_c67877 _d67877 |
||